[Event "Olympiad Women 2024"]
[Site "Budapest HUN"]
[Date "2024.09.20"]
[Round "9.50"]
[Board "4"]
[White "Durrfeld, Sofie Bech"]
[Black "Ingado, Mercy"]
[Result "1-0"]
[WhiteElo "1937"]
[BlackElo "1645"]
[PlyCount "49"]
[EventDate "2024.09.11"]
[WhiteTeam "Denmark"]
[BlackTeam "Kenya"]
[WhiteTeamCountry "DEN"]
[BlackTeamCountry "KEN"]

1. e4 c5 2. Nc3 d6 3. d4 cxd4 4. Qxd4 Nc6 5. Qd2 g6 6. b3 Bg7 7. Bb2 Nf6 8. O-O-O O-O 9. Kb1 a5 ({RR} 9... Qa5 10. Nge2 e5 11. f3 Rd8 12. Nd5 Qxd2 13. Nxf6+ Bxf6 14. Rxd2 Bg5 15. Rd1 Be6 16. Nc3 Nd4 17. Bd3 Rac8 18. Rhf1 Nc6 19. a3 Ne7 20. Ne2 Be3 21. h3 g5 22. a4 f6 23. c4 Ng6 24. Bc1 {½-½ Nakamura,H (2769)-Vachier Lagrave,M (2789) Norway Chess 6th 2018 (6)}) 10. Bb5 $146 ({RR} 10. f3 Be6 11. Bb5 Qb6 12. Nge2 Rfc8 13. h4 h5 14. Nf4 Nb4 15. Nxe6 fxe6 16. a3 Rxc3 17. Qxc3 Qxb5 18. axb4 axb4 19. Qc4 Qa5 20. Qxe6+ Kf8 21. Kc1 Bh6+ 22. Rd2 Bxd2+ 23. Kxd2 Qd8 24. g4 Qd7 {1-0 Xu,X (2565)-Keymer,V (2508) Sitges Sunway op-A 5th 2018 (10)}) ({RR} 10. a4 Nb4 11. f3 b6 12. g4 Nd7 13. h4 Bb7 14. h5 Nf6 15. Bc4 Ba6 16. Bxa6 Nxa6 17. Nd5 Nc7 18. Nxf6+ Bxf6 19. Bxf6 exf6 20. Qxd6 Qxd6 21. Rxd6 b5 22. axb5 Nxb5 23. Rxf6 Rfc8 24. hxg6 hxg6 {0-1 Rocha,M (2156)-Aponte,O (1998) Titled Tue 18th Jun Late 2024 (3)}) ({RR} 10. a4 Be6 11. f4 Rc8 12. Nf3 Nb4 13. Ng5 Bg4 14. Be2 Bxe2 15. Qxe2 Nh5 16. Qd2 e6 17. Rc1 h6 18. Nh3 Nf6 19. Nf2 Rc6 20. Nb5 Qe7 21. Rhd1 Rd8 22. e5 Ne8 23. exd6 Qd7 24. Bxg7 Kxg7 {1-0 Akhtariev,A (2192)-Gabrielian,A (2469) Lozovatsky Mem A 2023 (1.27)}) ({RR} 10. f3 Be6 11. a4 Rc8 12. Nge2 Qb6 13. h4 Rfd8 14. Nf4 Nb4 15. Nxe6 fxe6 16. Rc1 d5 17. e5 Nh5 18. Ne2 d4 19. Bxd4 Bxe5 20. Bxb6 Rxd2 21. f4 Nxf4 22. Nxf4 Nxc2 {0-1 Zhang,D (2108)-Wang,H (2165) CHN-chT Div-A 2022 (8.6)}) 10... Nd7 11. h4 Nc5 12. h5 Nd4 13. hxg6 fxg6 14. Bc4+ Be6 15. Bxe6+ Ndxe6 16. f3 a4 17. b4 a3 18. Ba1 Nf4 19. bxc5 Qa5 20. Nd5 Qb5+ 21. Qb4 Qxb4+ 22. Nxb4 dxc5 23. Bxg7 Kxg7 24. Nd5 Nxg2 25. Nc7 1-0

[Event "Olympiad Women 2024"]
[Site "Budapest HUN"]
[Date "2024.09.20"]
[Round "9.51"]
[Board "1"]
[White "Ghitza, Elena"]
[Black "Badenhorst, Chloe"]
[Result "1/2-1/2"]
[WhiteElo "1817"]
[BlackElo "1981"]
[PlyCount "77"]
[EventDate "2024.09.11"]
[WhiteTeam "Malta"]
[BlackTeam "South Africa"]
[WhiteTeamCountry "MLT"]
[BlackTeamCountry "RSA"]

1. c4 e6 2. Nc3 d5 3. cxd5 exd5 4. d4 c6 5. Nf3 Bd6 6. Bg5 Ne7 7. e3 Qb6 8. Qd2 ({RR} 8. Rb1 Ng6 9. Bd3 O-O 10. h4 h6 11. Qc2 Ne7 12. Bf4 Bxf4 13. exf4 Na6 14. a3 c5 15. Bh7+ Kh8 16. Ng5 cxd4 17. Ne2 g6 18. Ng3 hxg5 19. hxg5 Kg7 20. Rh6 Rh8 21. Nh5+ Kf8 22. Nf6 Bf5 {0-1 Gaal,Z (2341)-Kozak,A (2604) Kallai Gabor Mem 2024 (8.1)}) 8... Bf5 9. Be2 ({RR} 9. Bh4 Nd7 10. Bg3 Bxg3 11. hxg3 Nf6 12. Na4 Qc7 13. Bd3 Bxd3 14. Qxd3 Nc8 15. Nc5 Nd6 16. Qc2 g6 17. Ne5 Nfe4 18. Nxe4 Nxe4 19. O-O-O O-O-O 20. Kb1 Kb8 21. Rc1 f6 22. Nd3 Rhe8 23. Nc5 f5 {½-½ Genov,P (2463)-Lenic,L (2637) ITA-chT Arvier 2012 (3)}) 9... O-O $146 ({RR} 9... Nd7 10. Bh4 h6 11. Bg3 Bxg3 12. hxg3 a5 13. O-O O-O 14. Bd3 Rfe8 15. Rfc1 Bxd3 16. Qxd3 Qb4 17. Rab1 Ng6 18. Ne2 Ngf8 19. Nf4 Nh7 20. Qc2 Nhf6 21. Nd3 Qe7 22. Nc5 Nxc5 23. Qxc5 Qd8 24. Qc2 {0-1 Fiedler,B-Dgebuadze,A (2425) Policka op 1995 (2)}) ({RR} 9... Nd7 10. O-O Ng6 11. Rfe1 O-O 12. Bd3 Bxd3 13. Qxd3 Qxb2 14. Rab1 Qa3 15. Rxb7 Nb6 16. Rb1 c5 17. dxc5 Qxc5 18. Nb5 Bb8 19. Nbd4 Qc8 20. Qa6 Qg4 21. Nc6 Qf5 22. Rc1 h6 23. Bd8 Nc4 24. Qb5 {0-1 Radojevic,S (2091)-Robulj,N (2268) SCG-chT 4th Vrnjacka Banja 2006 (6)}) ({RR} 9... Nd7 10. O-O h6 11. Bh4 Bh7 12. Na4 Qc7 13. Rfc1 Nf5 14. Bg3 Nxg3 15. hxg3 O-O 16. Nc5 Nxc5 17. dxc5 Be7 18. b4 Bf6 19. Nd4 a6 20. a4 Rfe8 21. b5 axb5 22. axb5 Rxa1 23. Rxa1 cxb5 24. Bxb5 {1-0 Gasik,P (2175)-Pivnik,V Internet Section 18-A blitz 2003 (8)}) 10. O-O f6 11. Bh4 Bg6 12. Na4 Qd8 13. b4 Nf5 14. Nc5 Qe7 15. a3 Bh5 16. Bg3 Nxg3 17. hxg3 b6 18. Nb3 Nd7 19. Rfc1 Rfc8 20. Bd3 Bf7 21. Nh4 g6 22. Ba6 Rc7 23. b5 c5 24. dxc5 Nxc5 25. Nxc5 Bxc5 26. Nf3 Rd8 27. Nd4 Bxd4 28. Rxc7 Qxc7 29. exd4 Re8 30. Rc1 Qd7 31. Qc3 Qg4 32. Bc8 Qe4 33. Bd7 Re7 34. Bc6 Kg7 35. a4 h5 36. Qd2 g5 37. Kf1 Bg6 38. Kg1 Bf7 39. Kf1 1/2-1/2

[Event "Olympiad Women 2024"]
[Site "Budapest HUN"]
[Date "2024.09.20"]
[Round "9.51"]
[Board "2"]
[White "Klaasen, Robyn Julian"]
[Black "Thornton, Filipina"]
[Result "1-0"]
[WhiteElo "1764"]
[BlackElo "1768"]
[PlyCount "113"]
[EventDate "2024.09.11"]
[WhiteTeam "South Africa"]
[BlackTeam "Malta"]
[WhiteTeamCountry "RSA"]
[BlackTeamCountry "MLT"]

1. d4 d5 2. Nf3 Nf6 3. g3 c6 4. Bg2 Bf5 5. O-O e6 6. b3 Be7 7. Nbd2 ({RR} 7. Bb2 h6 8. Nbd2 O-O 9. Ne5 Nbd7 10. Nd3 a5 11. a3 Ne4 12. Nxe4 Bxe4 13. f3 Bh7 {½-½ Pribyl,J (2430)-Kochyev,A (2480) Prague DDM+ 1992 (1)}) ({RR} 7. Bb2 O-O 8. Nbd2 a5 9. c4 a4 10. Ne5 h6 11. e3 Nbd7 12. Qe2 Nxe5 13. dxe5 Nd7 14. e4 dxe4 15. Nxe4 Bxe4 16. Bxe4 Qb6 17. Bc2 Rfd8 18. Rfd1 Nf8 19. Rxd8 Rxd8 20. Rd1 Rxd1+ 21. Qxd1 axb3 {0-1 Shandrygin,N (2209)-Lehtosaari,M (2141) Titled Tue 19th Mar Early 2024 (7)}) 7... Nbd7 8. c4 Rc8 $146 ({RR} 8... Ne4) 9. Bb2 h6 10. Re1 O-O 11. Ne5 Nxe5 12. dxe5 Ne8 13. e4 dxe4 14. Nxe4 f6 15. exf6 Nxf6 16. Qe2 Qb6 17. Nxf6+ Bxf6 18. Bxf6 Rxf6 19. Kh1 Rcf8 20. f4 Rd8 21. Rad1 Qc7 22. Rxd8+ Qxd8 23. Rd1 Qe8 24. Rd6 Qg6 25. Bf3 Bh3 26. Qd1 Rf8 27. b4 Qf6 28. b5 cxb5 29. cxb5 g5 30. Bg4 Bxg4 31. Qxg4 Re8 32. Qh5 Rc8 33. Qe2 Rc1+ 34. Kg2 gxf4 35. Qg4+ Kf8 36. Rxe6 f3+ 37. Kh3 Qf7 38. Rxh6 f2 39. Rh8+ Ke7 40. Qb4+ Kd7 41. Qd2+ Ke7 42. Qd8+ Ke6 43. Rh6+ Ke5 44. Qd6+ Ke4 45. Re6+ Qxe6+ 46. Qxe6+ Kd3 47. Qf5+ Ke2 48. Qe4+ Kd2 49. Qf4+ Ke2 50. Qxc1 f1=Q+ 51. Qxf1+ Kxf1 52. Kg4 a6 53. bxa6 bxa6 54. h4 a5 55. a4 Kg2 56. h5 Kf2 57. h6 1-0

[Event "Olympiad Women 2024"]
[Site "Budapest HUN"]
[Date "2024.09.20"]
[Round "9.51"]
[Board "3"]
[White "Farrugia, Jamie"]
[Black "Nel, Hayley"]
[Result "0-1"]
[WhiteElo "1733"]
[BlackElo "1753"]
[PlyCount "112"]
[EventDate "2024.09.11"]
[WhiteTeam "Malta"]
[BlackTeam "South Africa"]
[WhiteTeamCountry "MLT"]
[BlackTeamCountry "RSA"]

1. e4 c6 2. d4 d5 3. exd5 cxd5 4. c4 Nf6 5. Nc3 e6 6. Nf3 Be7 7. cxd5 Nxd5 8. Bd3 O-O 9. O-O Nc6 10. a3 Bf6 11. Bc2 b6 ({RR} 11... Nce7 12. Qd3 Ng6 13. Ne4 b6 14. Neg5 a5 15. Qe4 Ba6 16. Re1 Rc8 17. h4 Bxg5 18. Bxg5 Nf6 19. Bxf6 gxf6 20. Bb3 f5 21. Qe3 Nxh4 22. d5 exd5 23. Nxh4 Qxh4 24. Qxb6 Rb8 25. Qxa6 Rxb3 26. Qxa5 {0-1 Svane,R (2637)-Giri,A (2772) Wch Rapid Warsaw 2021 (4)}) 12. Qd3 ({RR} 12. Re1 Bb7 13. Qd3 g6 14. Bh6 Re8 15. Rad1 Rc8 16. Ba4 a6 17. Ne4 Bh8 18. Ne5 b5 19. Bb3 Nxe5 20. dxe5 Bxe5 21. Qf3 Bxb2 22. Ng5 Qf6 23. Bxd5 Bxd5 24. Qh3 Rc3 25. Nxh7 Rxh3 26. Nxf6+ Bxf6 {1-0 Rangel,D (2176)-Rodriguez Santiago,J (2038) Titled Tue 30th Jan Early 2024 (11)}) 12... g6 13. Re1 Qd6 $146 ({RR} 13... Bb7 14. Bh6 Re8 15. Rad1 Rc8 16. Ba4 Nxc3 17. bxc3 Qd5 18. c4 Qh5 19. Qe3 Re7 20. Qf4 Bh8 21. d5 exd5 22. cxd5 Rxe1+ 23. Rxe1 Qxd5 24. Qc7 Ne5 25. Rxe5 Bxe5 26. Qxe5 Qxe5 27. Nxe5 Rc3 28. Be8 {½-½ Kovacs,Z-Bisguier,A US Open-62 San Francisco 1961 (6)}) 14. Ne4 Qc7 15. Nxf6+ Nxf6 16. Bg5 Nd5 17. Rac1 Bb7 18. Bb3 Qd6 19. Nd2 f5 20. Nc4 Qd7 21. Ne5 Qd6 22. Bh4 Na5 23. Bg3 Nxb3 24. Qxb3 f4 25. Bh4 Rac8 26. Qd3 Kg7 27. Bg5 Ne7 28. Nc4 Qd5 29. f3 Qxg5 30. Rxe6 b5 31. Rce1 bxc4 32. Rxe7+ Rf7 33. Qe2 Rc7 34. Re8 Qf6 35. Re6 Qxd4+ 36. Kh1 Qc5 37. Qd2 Rcd7 38. Qc3+ Qd4 39. Qb4 c3 40. bxc3 Qxb4 41. axb4 Rc7 42. Rc1 Bd5 43. Re5 Bc4 44. Kg1 Rfe7 45. Re4 Rxe4 46. fxe4 Kf6 47. Kf2 Ke5 48. Rd1 Kxe4 49. Rd4+ Ke5 50. g3 fxg3+ 51. hxg3 Bb5 52. Rg4 a6 53. Rg5+ Ke4 54. Rc5 Rxc5 55. bxc5 a5 56. Ke1 Kf3 0-1

[Event "Olympiad Women 2024"]
[Site "Budapest HUN"]
[Date "2024.09.20"]
[Round "9.51"]
[Board "4"]
[White "Strong, Davida"]
[Black "Portelli, Martina"]
[Result "1-0"]
[WhiteElo "1733"]
[BlackElo "1523"]
[PlyCount "93"]
[EventDate "2024.09.11"]
[WhiteTeam "South Africa"]
[BlackTeam "Malta"]
[WhiteTeamCountry "RSA"]
[BlackTeamCountry "MLT"]

1. d4 Nf6 2. c4 g6 3. Nc3 Bg7 4. e4 d6 5. Be2 O-O 6. Be3 e5 7. d5 Ne8 8. Qd2 ({RR} 8. g4 f5 9. gxf5 gxf5 10. exf5 Bxf5 11. Nf3 Qe7 12. Rg1 Nd7 13. Rg5 Nc5 14. Nh4 Bd7 15. Qc2 Rf4 16. Bxf4 exf4 17. Nf3 Nf6 18. O-O-O Nfe4 19. Rxg7+ Kxg7 20. Rg1+ Kh6 21. Nxe4 Nxe4 22. Bd3 Nc5 {1-0 Hillarp Persson,T (2524)-Sepp,O (2470) Olympiad-37 Turin 2006 (13)}) 8... a5 9. g4 Nf6 $146 ({RR} 9... Na6 10. f3 b6 11. h4 Nc5 12. h5 f5 13. hxg6 hxg6 14. Bh6 Qf6 15. Bxg7 Qxg7 16. gxf5 gxf5 17. O-O-O f4 18. Nh3 Bxh3 19. Rdg1 Bg2 20. Rh2 Kf7 21. Rgxg2 Qf6 22. Rh7+ Ng7 23. Rhxg7+ Qxg7 24. Rxg7+ {1-0 Gurner,J (1975)-Korsinskij,M (1795) BCF-chT1 U18 1920 (4NCL) online 2020 (2.55)}) ({RR} 9... a4 10. h4 Nf6 11. f3 h5 12. g5 Nfd7 13. Nh3 Nc5 14. Kf1 Nba6 15. Kg2 Qe7 16. Rhb1 Bd7 17. b4 axb3 18. axb3 Nb4 19. Na4 Nba6 20. Nc3 Nb4 21. Na4 Nba6 {½-½ Cosman,A (2143)-Chaitanya,V (1685) 2nd Leca Chess Open 2023 (8.28)}) ({RR} 9... Na6 10. h4 f5 11. Bg5 Qd7 12. gxf5 gxf5 13. exf5 Qxf5 14. Bd3 Qf7 15. Nh3 Nc5 16. Bc2 Qf3 17. Rg1 Bxh3 18. Bd1 {0-1 Mata Medina,A (1512)-Mukhtarkhan,A (1243) ESP-ch U12 Salobrena 2022 (4)}) 10. f3 c6 11. O-O-O c5 12. h4 Bd7 13. h5 a4 14. hxg6 fxg6 15. Bd3 Na6 16. Bh6 Rf7 17. Nge2 Nb4 18. Bb1 Qa5 19. Bxg7 Rxg7 20. a3 Na6 21. Rh6 b5 22. cxb5 Bxb5 23. Nxb5 Qxb5 24. Nc3 Qa5 25. Bc2 Rb8 26. Nxa4 Qxd2+ 27. Rxd2 Rgb7 28. Bd3 Nc7 29. Nc3 Na8 30. a4 Rb4 31. Bb5 Nc7 32. Kc2 Nxb5 33. axb5 Ne8 34. g5 Ng7 35. Rh1 Nh5 36. Ra1 Nf4 37. Ra6 Rd8 38. b3 Rd4 39. Na4 Rb4 40. b6 Rb8 41. Ra7 Nh3 42. Rg2 Nf4 43. Rh2 Nh5 44. Kc3 Kh8 45. Rd7 Rxa4 46. bxa4 Rxb6 47. Rb2 1-0

[Event "Olympiad Women 2024"]
[Site "Budapest HUN"]
[Date "2024.09.20"]
[Round "9.52"]
[Board "1"]
[White "Feng, Eunice"]
[Black "Granados Ortiz, Maria Jose"]
[Result "1-0"]
[WhiteElo "1974"]
[BlackElo "1935"]
[PlyCount "47"]
[EventDate "2024.09.11"]
[WhiteTeam "Hong Kong, China"]
[BlackTeam "Nicaragua"]
[BlackTeamCountry "NCA"]

1. e4 Nf6 2. e5 Nd5 3. d4 d6 4. c4 Nb6 5. f4 dxe5 6. fxe5 Nc6 7. Be3 Bf5 8. Nc3 e6 9. Be2 Be7 10. Nf3 Bg4 11. O-O O-O ({RR} 11... Qd7 12. b3 Rd8 13. Nd2 Bxe2 14. Nxe2 O-O 15. Ne4 f6 16. exf6 Bxf6 17. Nxf6+ Rxf6 18. Rxf6 gxf6 19. Qf1 Qf7 20. Qf3 Nc8 21. Rf1 Nd6 22. Qxf6 Qxf6 23. Rxf6 Nf5 24. Rxe6 Nxe3 25. Rxe3 Nxd4 26. Nxd4 {1-0 Manninen,M (2375)-Maki Uuro,M (2290) Helsinki-ch 1994}) 12. Qd2 Qd7 ({RR} 12... f6 13. exf6 Bxf6 14. Rad1 Qd7 15. Ne4 Rad8 16. Nxf6+ Rxf6 17. Qc3 Bxf3 18. Bxf3 Rdf8 19. b3 Qf7 20. Qd3 Qd7 21. Qe4 Nc8 22. d5 N6e7 23. Bd4 Nd6 24. dxe6 Qxe6 25. Qd3 Rf5 26. Rfe1 Qf7 27. Bg4 {1-0 Saunders,A (2092)-Walker,M (2044) 4NCL Div 2 2023-24 (8.55)}) 13. Rad1 Rad8 14. Qe1 $146 ({RR} 14. a3 f6 15. exf6 Bxf6 16. Ne4 Be7 17. Qc3 Qe8 18. b4 Kh8 19. Qc2 Bf5 20. Bd3 Qg6 21. b5 Nb8 22. Ne5 Qe8 23. g4 Bxe4 {½-½ Gorol,M (1890)-Gasik,A (2082) POL-chT U19 36th 1st League 2005 (6)}) ({RR} 14. Qc1 f6 15. exf6 Bxf6 16. Ne5 Bxe5 17. Rxf8+ Kxf8 18. dxe5 Qc8 19. Bxg4 Rxd1+ 20. Qxd1 Nxc4 21. Qf1+ Ke7 22. Qxc4 Nxe5 23. Qc5+ Kf7 24. Qxe5 {1-0 Hirst,J (1564)-Murphy,R (1669) Basingstoke 4NCL Spring Bank 2nd U2050 2019 (4)}) 14... f6 15. exf6 Bxf6 16. Ne5 Bxe5 17. Rxf8+ Rxf8 18. dxe5 Qf7 19. Bxg4 Nxc4 20. Bc5 Re8 21. Qf1 Qxf1+ 22. Rxf1 Nxb2 23. Bxe6+ Kh8 24. Bd7 1-0

[Event "Olympiad Women 2024"]
[Site "Budapest HUN"]
[Date "2024.09.20"]
[Round "9.52"]
[Board "2"]
[White "Cabezas Calero, Abigail Carolina"]
[Black "Lou, Yuxin"]
[Result "1-0"]
[WhiteElo "1824"]
[BlackElo "1654"]
[PlyCount "75"]
[EventDate "2024.09.11"]
[WhiteTeam "Nicaragua"]
[BlackTeam "Hong Kong, China"]
[WhiteTeamCountry "NCA"]

1. e4 c5 2. c3 e6 3. d4 d5 4. exd5 exd5 5. Nf3 Nc6 6. Bb5 Nf6 7. Qe2+ ({RR} 7. dxc5 Bxc5 8. O-O O-O 9. Nbd2 h6 10. Nb3 Bb6 11. h3 Qd6 12. Nbd4 Ne4 13. Bd3 Re8 14. Be3 Qg6 15. Nh4 Qf6 16. Nhf3 Bc7 17. Re1 a6 18. Bc2 Bd7 19. Qd3 Rad8 20. Nxc6 bxc6 21. Bd4 Qd6 {½-½ Paehtz,E (2482)-Muzychuk,A (2586) Beijing Sportaccord rap (Women) rapid 2012 (4)}) 7... Qe7 8. Ne5 ({RR} 8. Bg5 Qxe2+ 9. Kxe2 Be7 10. dxc5 a6 11. Bxc6+ bxc6 12. b4 h6 13. Be3 Ne4 14. Bd4 O-O 15. Nbd2 f5 16. Ne5 Bb7 17. f3 Ng5 18. Kf2 Bf6 19. Rhe1 Rfe8 20. Nb3 Ne6 21. Nd7 Bxd4+ 22. cxd4 Nf4 {1-0 Laith,K (2049)-Frisk,A (1871) Kvibergspelen Open 2024 (3.17)}) 8... Bd7 9. Bxc6 $146 ({RR} 9. Bg5 Nxe5 10. dxe5 Bxb5 11. Qxb5+ Qd7 12. Na3 a6 13. Qxd7+ Nxd7 14. O-O-O h6 15. Bh4 g5 16. Bg3 Nb6 17. Rhe1 O-O-O 18. e6 fxe6 19. Rxe6 Na4 20. Nc2 Rh7 21. Ne3 d4 22. Nc4 dxc3 23. b3 Rxd1+ {½-½ Khodjabagyan,S (2029)-Muehlhan,K (1826) GER-ch Seniors 22nd 2010 (7)}) 9... Bxc6 10. dxc5 Nd7 11. Nxc6 Qxe2+ 12. Kxe2 bxc6 13. b4 Be7 14. a3 Bf6 15. Kd3 O-O 16. Bf4 a5 17. Nd2 Ra7 18. Nb3 Rfa8 19. Rhe1 h6 20. Bd6 axb4 21. axb4 Rxa1 22. Rxa1 Rxa1 23. Nxa1 Be5 24. Nb3 Bxd6 25. cxd6 Kf8 26. Kd4 Ke8 27. f3 g5 28. Nc5 Nb6 29. Nd3 Nc4 30. Ne5 Nxe5 31. Kxe5 Kd7 32. b5 f6+ 33. Kxf6 Kxd6 34. bxc6 Kxc6 35. Ke5 Kc5 36. g3 Kc4 37. f4 Kxc3 38. Kxd5 1-0

[Event "Olympiad Women 2024"]
[Site "Budapest HUN"]
[Date "2024.09.20"]
[Round "9.52"]
[Board "3"]
[White "Liu, Tian Yi"]
[Black "Munoz Cortez, Anahi Alexandra"]
[Result "1-0"]
[WhiteElo "1607"]
[BlackElo "1868"]
[PlyCount "115"]
[EventDate "2024.09.11"]
[WhiteTeam "Hong Kong, China"]
[BlackTeam "Nicaragua"]
[BlackTeamCountry "NCA"]

1. e4 e6 2. d4 d5 3. Nd2 Nf6 4. e5 Nfd7 5. f4 c5 6. c3 Nc6 7. Ndf3 Qb6 8. a3 a5 9. h4 ({RR} 9. b3 Be7 10. h4 O-O 11. Bd3 f5 12. Be3 cxd4 13. cxd4 Bxa3 14. g4 Bb4+ 15. Kf1 fxg4 16. Ng5 Ndxe5 17. Bxh7+ Kh8 18. Kg2 Nd7 19. h5 Nf6 20. Qd3 Ne7 21. h6 Bd7 22. Bf2 gxh6 23. Rxh6 Bb5 {0-1 McShane,L (2568)-Zarnicki,P (2536) Dos Hermanas Internet f 4th 2003 (3.2)}) 9... c4 $146 ({RR} 9... Be7 10. Rh3 O-O 11. Bd3 f5 12. Ne2 a4 13. Rb1 Na5 14. Kf1 cxd4 15. cxd4 Nb3 16. Be3 Qa5 17. Nc1 Nxc1 18. Rxc1 b5 19. Ng5 Nb6 20. Qh5 h6 21. Qg6 {1-0 Fernandez Romero,E (2312)-Barrero Garcia,C (2319) Dos Hermanas IM 2001 (1)}) ({RR} 9... Be7 10. Nh3 a4 11. Rb1 cxd4 12. cxd4 Qb3 13. Qe2 Bxa3 14. Kf2 Be7 15. Ra1 Nb6 16. Kg1 Nc4 17. Qf2 Bd7 18. Kh2 Rc8 19. Be2 Nb6 20. Be3 Na5 21. Nd2 Qb4 22. Rhc1 O-O 23. Bd3 f5 24. exf6 {1-0 Bellissimo,J (2203)-Andrews,T (2133) Titled Tue 2nd Jan Late 2024 (5)}) ({RR} 9... f5 10. h5 Be7 11. Ne2 O-O 12. Rg1 Qd8 13. Be3 a4 14. g4 Nb6 15. gxf5 exf5 16. dxc5 Nc4 17. Bf2 Nxb2 18. Qc2 Nc4 19. Ned4 Bxc5 20. Bxc4 dxc4 21. Rd1 Qe8 22. h6 g6 23. Qe2 Na5 24. Ng5 {1-0 Asauskas,H (2324)-Vigh,B (2357) Budapest FS03 IM-A 2002 (2)}) ({RR} 9... a4 10. h5 Qa5 11. Kf2 Nb6 12. Bd3 Bd7 13. Ne2 Be7 14. Rh3 Nc4 15. Rg3 g6 16. Rh3 O-O-O 17. Rb1 Qa6 18. Qh1 Rhf8 19. Be3 N6a5 20. dxc5 Nb3 21. Bxc4 Qxc4 22. Qd1 Nxc5 23. Bxc5 Qxc5+ 24. Ned4 {½-½ Sunjaikin,B (2272)-Sultangareev,M (2365) RUS-ch U26 Ufa 2004 (6)}) 10. Ng5 Qd8 11. g4 b5 12. f5 Nb6 13. fxe6 Bxe6 14. Nxe6 fxe6 15. Ne2 Be7 16. g5 Qd7 17. Nf4 Bf8 18. Bh3 Nd8 19. Qh5+ g6 20. Nxg6 Qf7 21. Nf4 Qxh5 22. Nxh5 Be7 23. Nf6+ Bxf6 24. exf6 Kf7 25. Bf4 Nc6 26. Kd2 b4 27. Rae1 Rae8 28. Bg4 h5 29. gxh6 Kxf6 30. Bh5 Reg8 31. Bg5+ Rxg5 32. hxg5+ Kxg5 33. Reg1+ Kf6 34. Rg6+ Ke7 35. Bg4 bxc3+ 36. bxc3 Nd8 37. h7 Nd7 38. Rg7+ Kd6 39. Rg8 Nf7 40. Rxh8 Nxh8 41. Rh6 Nf8 42. Rf6 Ke7 43. Rxf8 Kxf8 44. Bxe6 Kg7 45. Bxd5 Kxh7 46. Bxc4 Kg7 47. Ke3 Kf6 48. Ke4 Ke7 49. Kd5 Nf7 50. Bd3 Kd7 51. Bf5+ Kc7 52. c4 Nd6 53. Be6 Nb7 54. c5 Nd8 55. Bg4 Nc6 56. Kc4 a4 57. Bd1 Na5+ 58. Kc3 1-0

[Event "Olympiad Women 2024"]
[Site "Budapest HUN"]
[Date "2024.09.20"]
[Round "9.52"]
[Board "4"]
[White "Alvarez Gutierrez, Patricia"]
[Black "Liang, Liyun"]
[Result "1-0"]
[WhiteElo "1826"]
[BlackElo "1463"]
[PlyCount "61"]
[EventDate "2024.09.11"]
[WhiteTeam "Nicaragua"]
[BlackTeam "Hong Kong, China"]
[WhiteTeamCountry "NCA"]

1. d4 d5 2. Bf4 Nf6 3. e3 e6 4. Nf3 b6 5. Bd3 Bb7 6. Nbd2 c5 7. c3 Bd6 8. Bxd6 Qxd6 9. Ne5 Nc6 10. f4 a6 $146 ({RR} 10... g6 11. g4 Nd7 12. g5 Qe7 13. Ndf3 O-O-O 14. Qa4 Ndxe5 15. Nxe5 Nxe5 16. dxe5 Kb8 17. Ba6 d4 18. Bxb7 Qxb7 19. O-O-O dxe3 20. Rxd8+ Rxd8 21. Rd1 Rxd1+ 22. Qxd1 Kc8 23. Qf1 Qe4 24. Qa6+ Kb8 25. Qb5 {½-½ Flanagan,M (1768)-Gajadin,D (2027) Olympiad-42 Baku 2016 (3.2)}) 11. Qf3 b5 12. a3 Qe7 13. O-O c4 14. Bc2 h5 15. h3 Nxe5 16. fxe5 Nd7 17. a4 f5 18. exf6 Nxf6 19. Bg6+ Kd7 20. axb5 axb5 21. e4 Rxa1 22. Rxa1 Rh6 23. Qg3 h4 24. Qb8 Kc6 25. e5 Rxg6 26. exf6 Rxf6 27. Nf3 Qc7 28. Ne5+ Kd6 29. Qe8 Bc8 30. Qxb5 Qb7 31. Qc5# 1-0

[Event "Olympiad Women 2024"]
[Site "Budapest HUN"]
[Date "2024.09.20"]
[Round "9.53"]
[Board "1"]
[White "Ampaire, Shakira"]
[Black "Laamim, Roaa"]
[Result "0-1"]
[WhiteElo "1839"]
[BlackElo "1879"]
[PlyCount "78"]
[EventDate "2024.09.11"]
[WhiteTeam "Uganda"]
[BlackTeam "Morocco"]
[WhiteTeamCountry "UGA"]
[BlackTeamCountry "MAR"]

1. d4 d5 2. e4 dxe4 3. Nc3 Nf6 4. Bg5 Bf5 5. Qe2 Nbd7 ({RR} 5... c6 6. Bxf6 gxf6 7. O-O-O e6 8. g4 Bg6 9. f3 exf3 10. Nxf3 Be7 11. h4 h5 12. gxh5 Bxh5 13. Bh3 Qc7 14. Kb1 Nd7 15. Bg2 O-O-O 16. Qf2 Nb6 17. Ne2 f5 18. Rde1 Nc4 19. Ne5 Nxe5 20. dxe5 {0-1 Yankin,V (2340)-Frolov,D (2399) RUS-chT (club) 1999}) ({RR} 5... e6 6. O-O-O Be7 7. Bxf6 Bxf6 8. Nxe4 Bxe4 9. Qxe4 c6 10. Nf3 Nd7 11. Bd3 Qc7 12. Rhe1 O-O-O 13. Kb1 Kb8 14. Ne5 Bxe5 15. dxe5 Nc5 16. Qe3 Qb6 17. Ka1 a5 18. Be2 Ka7 19. Rd6 Rxd6 20. exd6 {0-1 Krutko,A (2397)-Yeremyan,A (2279) Titled Tue 9th Jan Early 2024 (4)}) 6. Qb5 e6 7. Bxf6 Qxf6 8. Qxb7 $146 ({RR} 8. Nge2 Qd8 9. Ng3 a6 10. Qxb7 Rb8 11. Qxa6 Rxb2 12. Ncxe4 Bxe4 13. Nxe4 Qb8 14. Bd3 Rb6 15. Qa4 Rb4 16. Qc6 Rb6 17. Qc4 Rb4 18. Qc3 e5 19. O-O exd4 20. Qc6 Qb7 21. Rfe1 Be7 22. Qxb7 Rxb7 {½-½ Breithut,K (2085)-Geisensetter,F (2041) Oberfranken-ch M 0607 2007 (5)}) 8... Rb8 9. Qxa7 Rxb2 10. O-O-O Rb8 11. Bb5 Rd8 12. Qxc7 Ba3+ 13. Kb1 O-O 14. Ka1 Bb4 15. Nge2 Rc8 16. Qxd7 Bxc3+ 17. Nxc3 Rxc3 18. Kb2 Rfc8 19. Rd2 e5 20. Qa7 exd4 21. Ba4 d3 22. Kc1 Ra3 23. Kb1 dxc2+ 24. Rxc2 e3 25. Rhc1 Bxc2+ 26. Rxc2 Rac3 27. fxe3 Rxc2 28. Bxc2 Qf1+ 29. Kb2 Qxg2 30. Qa4 Qxh2 31. Qe4 Qxc2+ 32. Qxc2 Rxc2+ 33. Kxc2 Kf8 34. Kd3 Ke7 35. Ke4 h5 36. Kf5 h4 37. Kg4 g5 38. a4 f5+ 39. Kf3 Kd6 0-1

[Event "Olympiad Women 2024"]
[Site "Budapest HUN"]
[Date "2024.09.20"]
[Round "9.53"]
[Board "2"]
[White "Chemaou lilya"]
[Black "Sana Omprakash Kayyar"]
[Result "0-1"]
[WhiteElo "1565"]
[BlackElo "1937"]
[PlyCount "66"]
[EventDate "2024.09.11"]
[WhiteTeam "Morocco"]
[BlackTeam "Uganda"]
[WhiteTeamCountry "MAR"]
[BlackTeamCountry "UGA"]

1. e4 e5 2. Nf3 Nc6 3. Bc4 Nf6 4. d4 exd4 5. O-O d6 6. Ng5 Ne5 7. Bb3 h6 8. f4 hxg5 9. fxe5 dxe5 10. Bxg5 Be7 11. Qf3 ({RR} 11. Nd2 Bg4 12. Qe1 Be6 13. Qg3 Qd6 14. Nc4 Bxc4 15. Bxc4 O-O-O 16. Bxf7 Kb8 17. Rae1 Qb6 18. Kh1 Qxb2 19. Bb3 Qa3 20. h3 Qd6 21. Rf5 Nh5 22. Qxe5 Ng3+ 23. Kg1 Nxf5 24. Qxf5 Bxg5 25. Qxg5 Qf6 {0-1 Janaszak,D (2308)-Turzo,A (2279) Titled Tue 18th Jun Early 2024 (9)}) 11... Qd6 12. Nd2 Be6 13. Nc4 $146 ({RR} 13. Qg3 O-O-O 14. Rae1 Bxb3 15. axb3 Qe6 16. Nc4 Bd6 17. Nxd6+ Rxd6 18. Bd2 Ne8 19. c4 Rc6 20. Ra1 a6 21. Ra5 f6 22. c5 Kb8 23. Qd3 Qc8 24. b4 Re6 25. b5 Rh7 26. Rfa1 g5 27. Qb3 c6 {1-0 Zinkl,A-Prock,C Wien Kolisch Memorial 1899/1900 (6)}) ({RR} 13. c3 Nh5 14. Nc4 Qc5 15. cxd4 exd4 16. Bxe7 Qxe7 17. e5 c6 18. Nd6+ Kd7 19. g4 Bxb3 20. Qxb3 Qxe5 21. Nxf7 Qe3+ 22. Qxe3 dxe3 23. Nxh8 {1-0 Kudojarovs,O-Jahnke,A (2049) EU-ch Silent 1993}) ({RR} 13. Qg3 Nh5 14. Qh4 f6 15. Bxe6 Qxe6 16. g4 fxg5 17. Qh3 O-O-O {0-1 Brineva,E (2210)-Hallaeva,B TKM-ch (Women) 2000 (9)}) 13... Qc5 14. Nd2 Qc6 15. Bxe6 Qxe6 16. Qf5 Qxf5 17. Rxf5 Nd7 18. Nc4 g6 19. Rf3 Bxg5 20. Raf1 Rh7 21. g3 b5 22. Na5 Ke7 23. Nc6+ Kd6 24. Nb4 Be3+ 25. Kg2 Rah8 26. Rh1 c6 27. c3 Bg5 28. h4 Be7 29. Rd3 Kc7 30. Nc2 Nc5 31. Rd2 dxc3 32. bxc3 Nxe4 33. Re2 f5 0-1